|
|
|
|
| LEADER |
00000nab a2200000 a 4500 |
| 001 |
vtls000825042 |
| 003 |
SK-MaSNL |
| 005 |
20260304214928.0 |
| 008 |
250429c2002 xo 0 slo |
| 015 |
|
|
|a SNBRB2003/02-05249
|
| 035 |
|
|
|a CLN000176697
|
| 035 |
|
|
|a urn:nbn:sk:snk-ab6yhj
|
| 035 |
|
|
|a (uuid)3bcd5c2f-efe0-46bb-aa75-a46880bd8a1c
|
| 035 |
|
|
|a (urnnbn)urn:nbn:sk:snk:ar-a06a34
|
| 035 |
|
|
|a (sysno)vtls000825042
|
| 040 |
|
|
|a SNKBUCL
|b slo
|c SNKBUCL
|e AACR2
|
| 041 |
0 |
|
|a slo
|
| 044 |
|
|
|a xo
|c SK
|
| 080 |
|
|
|a 616.12-008.331.1-053.2-08
|2 1997
|
| 100 |
1 |
|
|a Krč-Turbová, Zuzana
|4 aut
|9 826542
|
| 245 |
1 |
0 |
|a Prečo majú naše deti vysoký krvný tlak?
|c Zuzana Krč-Turbová
|
| 300 |
|
|
|b Obr., tab.
|
| 504 |
|
|
|a Res. slov.
|
| 650 |
0 |
7 |
|a hypertenzia
|2 SNKPH
|9 2490
|
| 650 |
0 |
7 |
|a krvný tlak
|2 SNKPH
|9 83013
|
| 650 |
0 |
7 |
|a terapia
|2 SNKPH
|9 781
|
| 650 |
0 |
7 |
|a ateroskleróza
|2 SNKPH
|9 2428
|
| 650 |
0 |
7 |
|a ambulantné monitorovanie krvného tlaku
|2 SNK
|9 1251835
|
| 650 |
0 |
7 |
|a prevencia ochorení
|2 SNKPH
|9 69501
|
| 650 |
0 |
7 |
|a dojčatá
|2 SNKPH
|9 31365
|
| 650 |
0 |
7 |
|a deti
|2 SNKPH
|9 773
|
| 655 |
|
7 |
|a články z novín a časopisov
|2 SNK
|9 267496
|
| 773 |
0 |
|
|t Dieťa nielen pre rodičov
|g Roč. 8, č. 6 (2002), s. 38-39
|x 1335-0919
|
| 850 |
|
|
|a Slovenská národná knižnica
|
| 852 |
|
|
|a Slovenská národná knižnica
|
| 954 |
|
|
|a odborná, vedecká literatúra pôvodná (slovenská)
|2 lita
|
| 958 |
|
|
|a article27
|
| 958 |
|
|
|a MI
|
| 958 |
|
|
|a OND
|
| 958 |
|
|
|a EUIPO
|
| 999 |
|
|
|c 3143913
|d 3145843
|